Ireland law articles in english

Detalles Bibliográficos
Formato: Seriadas
Lenguaje:inglés
Publicado: [s.l.] : Mondaq, 2001 -
Materias:
Acceso en línea:Acceso restringido

MARC

LEADER 00000nas a22000007a 4500
005 20111021151018.0
008 110915c20019999ie zx|| s|||| 0|||a1eng d
035 |a 1897 
040 |a vLex 
090 |c 2697  |d 2697 
245 0 0 |a Ireland law articles in english  |h [Recurso electrn̤ico] 
256 |a Servicio en ln̕ea. 
260 |a [s.l.] :  |b Mondaq,  |c 2001 - 
300 |a 1 recurso electrn̤ico 
310 |a Irregular 
650 0 4 |a Derecho  |v Revistes  |z Irlanda 
740 0 |a vLex Revistas (Servicio en ln̕ea) 
856 4 0 |u http://vlex.com/source/ireland-law-articles-english-1897  |z Acceso restringido 
942 |c REV